Southville International School and Colleges
Your cart is empty.
  • Cart
  • Lists
    Public lists Eva Luna New books Lux_list list_1
    Your lists Log in to create your own lists
  • Log in to your account
  • Your cookies
  • Search history
Southville International School and Colleges
  • Advanced search
  • Recent comments
  • Most popular
  • Libraries

Log in to your account

Log in with GOOGLE


If you do not have an external account, but do have a local account, you can still log in:

  1. Home
  2. MARC view: Spot bakes a cake /
Normal view MARC view ISBD view

Spot bakes a cake / (Record no. 113444)

[ view plain ]
MARC details
000 -LEADER
fixed length control field 00455nam a2200181 a 4500
001 - CONTROL NUMBER
control field 0435
005 - DATE AND TIME OF LATEST TRANSACTION
control field 20140414132020.0
008 - FIXED-LENGTH DATA ELEMENTS--GENERAL INFORMATION
fixed length control field 040109s19uu xx 00 eng d
020 ## - INTERNATIONAL STANDARD BOOK NUMBER
International Standard Book Number 0-14-055529-3
050 ## - LIBRARY OF CONGRESS CALL NUMBER
Classification number TR
Item number SP6 1994
100 ## - MAIN ENTRY--PERSONAL NAME
Personal name Hill, Eric
245 ## - TITLE STATEMENT
Title Spot bakes a cake /
Statement of responsibility, etc Eric Hill.
260 ## - PUBLICATION, DISTRIBUTION, ETC. (IMPRINT)
Place of publication, distribution, etc U.S.A :
Name of publisher, distributor, etc Puffin Book,
Date of publication, distribution, etc 1994.
300 ## - PHYSICAL DESCRIPTION
Extent p. ; cm.
650 ## - SUBJECT ADDED ENTRY--TOPICAL TERM
Topical term or geographic name as entry element Birthdays
General subdivision Fiction.
650 ## - SUBJECT ADDED ENTRY--TOPICAL TERM
Topical term or geographic name as entry element Children's stories.
Holdings
Withdrawn status Lost status Damaged status Home library Current library Shelving location Date acquired Source of acquisition Total Checkouts Full call number Barcode Date last seen Price effective from Koha item type
      Munich Library Munich Library Teachers Reference Section 01/09/2004     TR SP6 1994 M5013 04/14/2014 04/14/2014 Books

Spot bakes a cake /

APA

Hill E., . (1994). Spot bakes a cake. U.S.A: Puffin Book.

Chicago

Hill Eric, . 1994. Spot bakes a cake. U.S.A: Puffin Book.

Harvard

Hill E., . (1994). Spot bakes a cake. U.S.A: Puffin Book.

MLA

Hill Eric, . Spot bakes a cake. U.S.A: Puffin Book. 1994.

  • Place hold
  • Print
  • Cite
  • Add to your cart (remove)
  • Save record
    BIBTEX Dublin Core MARCXML MARC (non-Unicode/MARC-8) MARC (Unicode/UTF-8) MARC (Unicode/UTF-8, Standard) MODS (XML) RIS
  • More searches
    Search for this title in:
    Other Libraries (WorldCat) Other Databases (Google Scholar) Online Stores (Bookfinder.com) Open Library (openlibrary.org)

Exporting to Dublin Core...

SOUTHVILLE LIBRARY

Southville International School and Colleges Library

1281 Tropical Ave. Cor. Luxembourg St., BF Homes International, Las Pinas City

Tel. No. 8256374 / 252358 Loc. 117/146

Powered by Koha